• 首页
  • 本馆介绍
  • 公告通知
  • 最新文献
  • 馆藏检索
  • 电子资源
  • 读者导购
  • 参考咨询
  • 我的图书馆
  • 登录
  • 详细信息显示
  • 放入我的书架
  • 预约/预借图书
  • 作者相关作品
  • 分类相关作品
  • 丛书相关作品
  • 出版社相关作品

书目信息

  • 表格格式
  • 工作单格式
  • 卡片格式
题名:
资料员专业知识与实务
    
 
作者: 周贞贤 主编
分册:  
出版信息: 北京   中国环境科学出版社  2010
页数: 113页
开本: 26cm
丛书名:
单 册:
中图分类: G275.3
科图分类:
主题词: 建筑工程--技术档案--档案管理--技术教育--教材 , 技术档案 , 档案管理 , 技术教育 , 教材
电子资源:
ISBN: 978-7-5111-0277-5
000 01127nam0 2200337 450
001 004703176
005 20110107180629.0
010    @a978-7-5111-0277-5@dCNY26.00
035    @a(A100000NLC)004965149
049    @aA100000NLC@bUCS01004703176@c004965149@dNLC01
100    @a20101010d2010 em y0chiy0110 ea
101 0  @achi
102    @aCN@b110000
105    @ay z 000yy
106    @ar
200 1  @a资料员专业知识与实务@9zi liao yuan zhuan ye zhi shi yu shi wu@b专著@f周贞贤主编
205    @a2版
210    @a北京@c中国环境科学出版社@d2010
215    @a113页@d26cm
300    @a房屋建筑工程专业技术管理人员培训系列教材
304    @a本书编委会组织编写
330    @a本书主要介绍工程技术资料的分类,资料员的工作内容和职责,建筑工程施工技术资料编制方法,竣工验收及竣工资料,竣工备案和建筑工程资料的归档整理等。
606 0  @a建筑工程@x技术档案@x档案管理@x技术教育@j教材
606 0  @a技术档案
606 0  @a档案管理
606 0  @a技术教育
606 0  @a教材
690    @aG275.3@v4
701  0 @a周贞贤@9zhou zhen xian@f(1964.7-)@4主编
801  2 @aCN@bOLCC@c20231121
905    @b1553243-45@dG275.3@e285@f3
    
    资料员专业知识与实务/周贞贤主编.-2版.-北京:中国环境科学出版社,2010
    113页;26cm
    房屋建筑工程专业技术管理人员培训系列教材
    
    ISBN 978-7-5111-0277-5:CNY26.00
    本书主要介绍工程技术资料的分类,资料员的工作内容和职责,建筑工程施工技术资料编制方法,竣工验收及竣工资料,竣工备案和建筑工程资料的归档整理等。
●
相关链接 在E读中查询图书 在五车中查询图书 在当当中查询图书 在豆瓣中查询图书


正题名:资料员专业知识与实务     索取号:G275.3/285         预约/预借

序号 登录号 条形码 馆藏地/架位号 状态 备注
1 1553243   215532430   不外借—密集书库/ [索取号:G275.3/285] 在馆    
2 1553244   215532449   不外借—密集书库/ [索取号:G275.3/285] 在馆    
3 1553245   215532458   不外借—密集书库/ [索取号:G275.3/285] 在馆    
唐山师范学院图书馆 欢迎您!
大连网信软件有限公司© 版权所有